Su apocalipsis doméstico : el destino del artista (Registro nro. 35666)

Detalles MARC
000 -CABECERA
Longitud fija campo de control 01056nam a2200265 a 4500
003 - • IDENTIFICADOR DELl NÚMERO DE CONTROL
Identificador del número de control CO-ViMGA
005 - • FECHA Y HORA DE LA ÚLTIMA TRANSACCIÓN
Fecha y hora de la última transacción 20230915233138.0
008 - • CÓDIGOS DE INFORMACIÓN DE LONGITUD FIJA
Códigos de información de longitud fija 120113s2010 sp a gr 00010 spa d
020 ## - • NÚMERO INTERNACIONAL NORMALIZADO PARA LIBROS
Número Internacional Normalizado para Libros (ISBN) 9788492769483
040 ## - FUENTE DE LA CATALOGACIÓN
Centro catalogador de origen CO-ViMGA
Lengua de catalogación spa
Centro transcriptor CO-ViMGA
041 0# - • CÓDIGO DE LENGUA
Código de lengua original eng
043 ## - CÓDIGO DE ÁREA GEOGRÁFICA
Código de área geográfica e-uk-st
082 04 - • NÚMERO DE LA CLASIFICACIÓN DECIMAL DEWEY
Número de clasificación (R) 741.59411
Número del ítem C15s
Número de edición 21
100 1# - • PUNTO DE ACCESO PRINCIPAL-NOMBRE DE PERSONA
Nombre de persona Campbell, Eddie,
Fechas asociadas al nombre 1955-
245 10 - • TITULO PROPIAMENTE DICHO
Título Su apocalipsis doméstico : el destino del artista
Resto del título una novela autobiográfica, con anomalías tipográficas, en la cual el autor no aparece como él mismo /
Mención de responsabilidad, etc. Eddie Campbell ; traducción Santiago García.
300 ## - • DESCRIPCIÓN FÍSICA
Extensión 96 p. :
Otras características físicas il. ;
Dimensiones 22 cm.
490 0# - • MENCIÓN DE SERIE
Mención de serie Colección Sillón orejero
534 ## - • Nota De Versión Original
-- Título original :
Título The fate of the artist.
600 14 - • PUNTO DE ACCESO ADICIONAL DE MATERIA - NOMBRE DE PERSONA
Nombre de persona Campbell, Eddie,
Fechas asociadas al nombre 1955-
Subdivisión de forma (R ) Autobiografías
Subdivisión de materia general (R ) Tiras cómicas, historietas, etc.
600 14 - • PUNTO DE ACCESO ADICIONAL DE MATERIA - NOMBRE DE PERSONA
Nombre de persona Campbell, Eddie,
Fechas asociadas al nombre 1955-
Subdivisión de forma (R ) Novela gráfica.
650 14 - • PUNTO DE ACCESO ADICIONAL DE MATERIA - TÉRMINO DE MATERIA
Término de materia o nombre geográfico como elemento inicial Novela gráfica escocesa.
700 1# - • PUNTO DE ACCESO ADICIONAL - NOMBRE DE PERSONA
Nombre de persona García, Santiago,
Término indicativo de función tr.
942 ## - ENTRADA DE ELEMENTOS AGREGADOS (KOHA)
Fuente de clasificaión o esquema Dewey Decimal Classification
Koha [por defecto] tipo de item LIbro
Existencias
Perdido Fuente de clasificación o esquema Estado Físico No para préstamo Forma de adquisición Localización permanente Localización actual Fecha adquisición Préstamos totales Signatura completa Código de barras Fecha última consulta Fecha último préstamo Número de copia Fecha del precio de reemplazo Tipo de item de Koha
  Dewey Decimal Classification     Sala Especializada Tercer Piso Biblioteca Pública Germán Arciniegas - Villavicencio Biblioteca Pública Germán Arciniegas - Villavicencio 08/23/2016 1 741.59411 C15s 30914 10/13/2018 09/24/2018 Ej. 1 08/23/2016 LIbro









Instituto Departamental de Cultura del Meta - Red Departamental de Bibliotecas Públicas del Meta.